00269nam a2200109Ia 4500008004100000100002500041245003900066260002300105300000900128942000700137999001500144190216s9999||||xx |||||||||||||| ||und|| aDwijendra Lal Sarkar 0aAcountancy Principles And Practice bS Chand & Coc1968 a678p cBK c4771d4771